Skip to content
VuFind
All Fields
Title
Author
Subject
Call Number
ISBN/ISSN
Tag
Find
Advanced
Magnet Dan Dinamo
Cite this
Print
Export Record
Export to RefWorks
Export to EndNoteWeb
Export to EndNote
Export to MARC
Magnet Dan Dinamo
Bibliographic Details
Main Author:
Lafferty, Peter
Format:
Book
Holdings
Description
Similar Items
Staff View
MARC
LEADER
00000cam a2200000 7i4500
001
0000010669
002
000011620
005
20000330.0
020
|a
9679025543
090
0
0
|a
J 500
|b
LAF
100
1
|a
Lafferty, Peter
245
1
0
|a
Magnet Dan Dinamo
999
|a
046802
|b
BUKU
|c
PINJAMAN
|e
PERPUSTAKAAN KOMUNITI CAW KOTA DAMANSARA
Similar Items
Amazing magnets
by: Rowe, Julian
Published: (1993)
Kuasa elektrik dan magnet
by: Jennings, Terry
The way things work [ magnets & other amazing discoveries
by: Zamora, Diego
Published: (2004)
The Way things work [ Magnets & other amazing discoveries
Published: (2004)
Cilopoda dan krustasia
Published: (1997)